Fundamentals of enginnering thermodynamics. Interactive thermodynamics v 1.5 to accompany / Michael J. Moran, Howard N. Shapiro. (Registro nro. 22047)
[ vista simple ]
| 000 -LÍDER | |
|---|---|
| fixed length control field | 00594nam a2200169 4500 |
| 008 - ELEMENTOS DE LONGITUD FIJA -- INFORMACIÓN GENERAL | |
| fixed length control field | 0 1999 0a 000 0USA |
| 020 ## - NÚMERO INTERNACIONAL NORMALIZADO PARA LIBROS | |
| ISBN | 0-471-29832-8 |
| 050 ## - SIGNATURA TOPOGRAFICA DE LA BIBLIOTECA DEL CONGRESO (LC) | |
| Número de Clasificación | TJ265 I M66 1999 |
| 082 ## - NUMERO DE CLASIFICACION DECIMAL DEWEY | |
| Número de Clasificación | 621.4022 M829f |
| 100 ## - ASIENTO PRINCIPAL--NOMBRE PERSONAL | |
| Nombre personal | Moran, Michael J. |
| 245 ## - TÍTULO | |
| Título | Fundamentals of enginnering thermodynamics. Interactive thermodynamics v 1.5 to accompany / Michael J. Moran, Howard N. Shapiro. |
| 260 ## - PUBLICACIÓN, DISTRIBUCIÓN, ETC. (PIE DE IMPRENTA) | |
| Lugar de publicación, distribución, etc. | USA : John Wiley |
| 300 ## - DESCRIPCIÓN FÍSICA | |
| Extensión | 28 p. / 26 cm |
| 440 ## - | |
| -- | User´s guide developed by Ron M. Nelson, INTELLIPRO,inc. |
| 650 ## - ASIENTO SECUNDARIO DE MATERIA - TERMINO TEMÁTICO | |
| Término temático o nombre geográfico como elemento de entrada | 1. TERMODINAMICA |
| 700 ## - ASIENTO SECUNDARIO - NOMBRE PERSONAL | |
| Nombre personal | I. Shapiro Howard N. |
| No. biblioteca | No. biblioteca | Número de clasificación | Código de barras/Número de adquisición | Número de copia | Tipo de material |
|---|---|---|---|---|---|
| LUIS G. INCLAN | LUIS G. INCLAN | 621.4022 M829f | 32527 | 1 | Libros |
| LUIS G. INCLAN | LUIS G. INCLAN | 621.4022 M829f | 32528 | 2 | Libros |
